[Event "Stay Safe Play From Home 224"]
[Site "T#646781Emanuel Laske"]
[Date "2020.06.14"]
[Round "3"]
[White "Klasman"]
[Black "Shyamph1980"]
[Result "0-1"]
[WhiteElo "1255"]
[BlackElo "1505"]
[Annotator "NA RC"]
[PlyCount "64"]
[EventDate "2020.06.14"]
[EventType "swiss (blitz)"]

1. f4 {[%emt 0:00:01]} b6 {[%emt 0:00:03]} 2. e4 {[%emt 0:00:01]} Bb7 {[%emt 0:00:01]} 3. Nc3 {[%emt 0:00:01]} e6 {[%emt 0:00:01]} 4. d4 {[%emt 0:00:01]} Bb4 {[%emt 0:00:01]} 5. Bd3 {[%emt 0:00:02]} d5 {[%emt 0:00:01]} 6. e5 {[%emt 0:00:02]} Ne7 {[%emt 0:00:01]} 7. Nf3 {[%emt 0:00:01]} Nd7 {[%emt 0:00:01]} 8. O-O {[%emt 0:00:02]} O-O {[%emt 0:00:02]} 9. Be3 {[%emt 0:00:01]} g6 {[%emt 0:00:01]} 10. Ng5 {[%emt 0:00:02]} Nf5 {[%emt 0:00:02]} 11. Bxf5 {[%emt 0:00:02]} exf5 {[%emt 0:00:01]} 12. e6 {[%emt 0:00:02]} Nb8 {[%emt 0:00:05]} 13. exf7+ {[%emt 0:00:02]} Rxf7 {[%emt 0:00:01]} 14. Nxf7 {[%emt 0:00:02]} Kxf7 {[%emt 0:00:00]} 15. Qf3 {[%emt 0:00:02]} Qf6 {[%emt 0:00:01]} 16. Rae1 {[%emt 0:00:03]} Nd7 {[%emt 0:00:01]} 17. Re2 {[%emt 0:00:06]} Re8 {[%emt 0:00:02]} 18. Nxd5 {[%emt 0:00:02]} Bxd5 {[%emt 0:00:02]} 19. Qxd5+ {[%emt 0:00:02]} Kg7 {[%emt 0:00:02]} 20. Qxd7+ {[%emt 0:00:02]} Re7 {[%emt 0:00:00]} 21. Qb5 {[%emt 0:00:02]} Bd6 {[%emt 0:00:01]} 22. c4 {[%emt 0:00:01]} Qh4 {[%emt 0:00:03]} 23. g3 {[%emt 0:00:02]} Qg4 {[%emt 0:00:01]} 24. Ree1 {[%emt 0:00:03]} Re4 {[%emt 0:00:02]} 25. c5 {[%emt 0:00:02]} bxc5 {[%emt 0:00:02]} 26. dxc5 {[%emt 0:00:01]} Be7 {[%emt 0:00:02]} 27. Qd7 {[%emt 0:00:02]} Rxe3 {[%emt 0:00:03]} 28. Rxe3 {[%emt 0:00:03]} Kh6 {[%emt 0:00:02]} 29. Qxe7 {[%emt 0:00:01]} Qh3 {[%emt 0:00:03]} 30. Qf8+ {[%emt 0:00:01]} Kh5 {[%emt 0:00:02]} 31. Re7 {[%emt 0:00:01]} Kg4 {[%emt 0:00:01]} 32. Rxh7 {[%emt 0:00:02]} Qxh7 {[%emt 0:00:01] Time (Lag: Av=0.65s, max=1.1s)} 0-1

[Event "Stay Safe Play From Home 224"]
[Site "T#646781Emanuel Laske"]
[Date "2020.06.14"]
[Round "4"]
[White "SoulofWolf"]
[Black "little champs"]
[Result "0-1"]
[WhiteElo "2125"]
[BlackElo "2202"]
[Annotator "TA"]
[PlyCount "124"]
[EventDate "2020.06.14"]
[EventType "swiss (blitz)"]

{[%evp 12,124,28,18,56,52,56,45,89,-22,-22,-22,-22,-22,-22,-27,-21,-12,32,-19,-14,-18,19,-33,31,10,16,-24,-19,-16,0,0,17,8,9,4,54,52,124,26,106,45,54,-10,0,0,27,-34,-6,-241,-71,-182,-72,-162,-62,-137,-76,-75,-55,-404,-311,-361,-102,-262,-265,-412,-425,-419,-406,-547,-524,-452,-419,-475,-430,-564,-450,-537,-521,-545,-412,-543,-529,-6446,-6266,-29973,-29973,-29980,-29981,-29979,-29975,-29985,0,0,0,0,0,0,0,0,0,0,0,0,0,-29983,-29984,-29984,-29985,-29985,-29986,-29988,-29989,-29991,-29992]} 1. d4 d5 2. c4 c6 3. Nf3 Nf6 4. Nc3 e6 5. Bg5 Be7 6. e3 O-O 7. Qc2 dxc4 {D55: Queen's Gambit Declined: 4 Bg5 Be7: Lines without ...h6 and 6...h6 7 Bxf6.} 8. Bxc4 h6 9. Bh4 {[#]} Na6 $146 {[%cal Bb8a6,Ba6b4,Bb4d3][%mdl 32] White is slightly better.} ({Predecessor:} 9... Nbd7 10. a3 Nb6 11. Ba2 Nbd5 12. O-O Nxc3 13. bxc3 Re8 14. Bb1 b6 15. e4 Nh7 {1-0 (60) Valkova,A (1947)-Koehler,I (2016) Germany 2019}) 10. Bd3 (10. Bxa6 $16 {Black must now prevent Bd3.} bxa6 11. Bxf6 gxf6 12. O-O) 10... Nb4 $11 11. Qd2 Nxd3+ 12. Qxd3 c5 13. O-O cxd4 14. Qxd4 Nd5 15. Bg3 (15. Rfd1 $14) 15... Nxc3 16. Qxc3 Bf6 17. Qb3 (17. Be5 $11) 17... Bd7 (17... Qa5 $15) 18. Rfd1 Qe8 {aiming for ...Ba4.} 19. a4 Bc6 20. Nd4 Bd5 21. Qb4 e5 22. Nf5 Qe6 23. e4 Bb3 24. Rd6 Qc4 ({Black should play} 24... Be7 $1 $14) 25. Qxb7 (25. Qxc4 $16 Bxc4 26. Nxh6+ $1 {[%mdl 512]} Kh8 27. Ng4) 25... Rab8 (25... Rfb8 $11 {remains equal.} 26. Qa6 Qxa6 27. Rxa6 Be6) 26. Qxa7 ({Better is} 26. Qa6 $16 Qxa6 27. Rxa6) 26... Qxe4 $14 27. Ne7+ (27. Nxh6+ $1 $14 Kh7 28. f3) 27... Bxe7 28. Qxe7 Rfe8 29. Qh4 (29. Qd7 $11) 29... Qc2 $40 {[%mdl 128] White needs to defend precisely.} 30. Rad1 $2 (30. Rdd1 $11 {and White has nothing to worry.}) 30... Qxb2 $2 (30... Qc5 $19 31. h3 Bxd1 32. Rxd1 Rxb2) 31. R6d2 (31. Re1 $17) 31... Qa3 ({Don't do} 31... Bxd1 32. Rxb2 Rxb2 33. h3 $15) (31... Qc3 $1 $19 32. Rd3 Qa5) 32. Rd3 (32. Re1 $17) 32... Qxa4 (32... Rb4 $19 33. f4 exf4) 33. Re1 {[#]} (33. Qxa4 $15 Bxa4 34. Ra1) 33... Qxh4 ({Black should try} 33... Rb4 $1 {[%cal Rb4h4]} 34. Qh5 Re4) 34. Bxh4 $17 f5 {And now ...g5 would win.} 35. g3 $2 {[%mdl 8192]} (35. f3 $15) 35... e4 36. Rc3 Bf7 $2 (36... g5 $19 {is more deadly.} 37. Bxg5 hxg5) 37. g4 $2 (37. Rc5 $17) 37... g5 $19 ({Don't take} 37... fxg4 38. Rc7 $17) 38. Bg3 (38. Bxg5 {is the only way for White.} hxg5 39. Rc5) 38... f4 39. h4 fxg3 40. fxg3 gxh4 41. gxh4 Rbc8 42. Rce3 Bd5 43. Kg2 Kh7 44. Kg3 Rf8 45. R1e2 Rce8 46. h5 Rf7 47. Re1 Ref8 48. R1e2 Rf3+ 49. Rxf3 Rxf3+ {[%mdl 4096] Endgame KRB-KR} 50. Kh4 Kg7 51. Rd2 Rf6 $2 (51... Be6 {mates} 52. Rd6 Kf6 53. Rb6 e3 54. Rb4 e2 55. Re4 {[#]} Bc4 $1 {[%mdl 512]} 56. Re8 Be6 57. Rf8+ Bf7 58. g5+ hxg5+ 59. Kg4 Rf4+ 60. Kh3 e1=Q 61. h6 Rh4+ {[%mdl 64] Double Attack} 62. Kg2 Rg4+ 63. Kh3 Qh4#) 52. Rxd5 $11 {KR-KR} Re6 53. Rd7+ Kf6 54. Rd2 e3 55. Re2 Re4 56. Kg3 Ke5 57. Kf3 Kd4 58. Rxe3 $2 {[%mdl 8192]} (58. Ra2 $11 Re6 59. Ke2) 58... Rxe3+ {Black mates.} 59. Kf4 Re4+ 60. Kf5 Re5+ 61. Kf6 Kd5 62. g5 Rxg5 {Accuracy: White = 33%, Black = 52%.} 0-1

[Event "Stay Safe Play From Home 224"]
[Site "T#646781Emanuel Laske"]
[Date "2020.06.14"]
[Round "4"]
[White "Sfantul321"]
[Black "Rogan"]
[Result "0-1"]
[WhiteElo "1967"]
[BlackElo "2233"]
[Annotator "NA"]
[PlyCount "76"]
[EventDate "2020.06.14"]
[EventType "swiss (blitz)"]

1. c4 {[%emt 0:00:01]} c6 {[%emt 0:00:01]} 2. Nc3 {[%emt 0:00:00]} d5 {[%emt 0:00:00]} 3. cxd5 {[%emt 0:00:00]} cxd5 {[%emt 0:00:00]} 4. d4 {[%emt 0:00:00]} Nf6 {[%emt 0:00:00]} 5. Nf3 {[%emt 0:00:00]} g6 {[%emt 0:00:00]} 6. Bg5 {[%emt 0:00:01]} Bg7 {[%emt 0:00:00]} 7. Bxf6 {[%emt 0:00:00]} Bxf6 {[%emt 0:00:01]} 8. e3 {[%emt 0:00:00]} O-O {[%emt 0:00:01]} 9. Bd3 {[%emt 0:00:00]} Bg4 {[%emt 0:00:01]} 10. O-O {[%emt 0:00:00]} e6 {[%emt 0:00:01]} 11. h3 {[%emt 0:00:01]} Bxf3 {[%emt 0:00:01]} 12. Qxf3 {[%emt 0:00:00]} Kg7 {[%emt 0:00:00]} 13. Rac1 {[%emt 0:00:01]} Nc6 {[%emt 0:00:01]} 14. a3 {[%emt 0:00:01]} a6 {[%emt 0:00:01]} 15. b4 {[%emt 0:00:01]} Rc8 {[%emt 0:00:01]} 16. Rfd1 {[%emt 0:00:01]} Qd6 {[%emt 0:00:02]} 17. Bb1 {[%emt 0:00:01]} b5 {[%emt 0:00:01]} 18. Qg4 {[%emt 0:00:03]} Ne7 {[%emt 0:00:01]} 19. e4 {[%emt 0:00:02]} h5 {[%emt 0:00:01]} 20. Qf3 {[%emt 0:00:03]} Bg5 {[%emt 0:00:01]} 21. e5 {[%emt 0:00:02]} Qb6 {[%emt 0:00:01]} 22. Rc2 {[%emt 0:00:01]} Rc4 {[%emt 0:00:02]} 23. Ne2 {[%emt 0:00:02]} Rfc8 {[%emt 0:00:04]} 24. Rb2 {[%emt 0:00:02]} Nf5 {[%emt 0:00:01]} 25. Bd3 {[%emt 0:00:02]} Nxd4 {[%emt 0:00:02]} 26. Nxd4 {[%emt 0:00:02]} Rxd4 {[%emt 0:00:00]} 27. Kh2 {[%emt 0:00:01]} Qc7 {[%emt 0:00:03]} 28. Qg3 {[%emt 0:00:01]} Bf4 {[%emt 0:00:01]} 29. Re2 {[%emt 0:00:02]} Bxg3+ {[%emt 0:00:01]} 30. fxg3 {[%emt 0:00:00]} Qc3 {[%emt 0:00:01]} 31. Bxg6 {[%emt 0:00:02]} Rxd1 {[%emt 0:00:00]} 32. Bxf7 {[%emt 0:00:02]} Kxf7 {[%emt 0:00:01]} 33. Rf2+ {[%emt 0:00:00]} Ke7 {[%emt 0:00:01]} 34. Rf6 {[%emt 0:00:00]} Rf8 {[%emt 0:00:00]} 35. Rh6 {[%emt 0:00:01]} Qe1 {[%emt 0:00:01]} 36. g4 {[%emt 0:00:01]} h4 {[%emt 0:00:01]} 37. Rh7+ {[%emt 0:00:01]} Rf7 {[%emt 0:00:01]} 38. Rxh4 {[%emt 0:00:00]} Qxh4 {[%emt 0:00:02] Sfantul321 resigns (Lag: Av=0.93s, max=2.5s)} 0-1

[Event "Stay Safe Play From Home 224"]
[Site "T#646781Emanuel Laske"]
[Date "2020.06.14"]
[Round "4"]
[White "Edmatuag"]
[Black "EL sanbary"]
[Result "0-1"]
[WhiteElo "1719"]
[BlackElo "1907"]
[Annotator "TA"]
[PlyCount "70"]
[EventDate "2020.06.14"]
[EventType "swiss (blitz)"]

{[%evp 9,70,-21,-10,-13,12,-23,-6,-17,2,-19,-19,-31,-2,-14,0,0,22,0,25,0,16,8,61,-378,92,-26,3,-18,0,-268,32,44,44,39,464,78,83,47,75,0,38,-23,0,-400,-105,-1018,-1038,-1048,-1022,-1545,-947,-923,-884,-5389,-1112,-29980,-1495,-29990,-29991,-29994,-29992,-29992,-29992]} 1. d4 d5 2. e3 e6 3. g3 Nf6 4. Bg2 Be7 5. Ne2 O-O 6. O-O {D00: 1 d4 d5: Unusual lines.} b6 {[#]} 7. c3 $146 ({Predecessor:} 7. b3 Bb7 8. Bb2 Nbd7 9. Nd2 Rc8 10. c4 Ne4 11. Nxe4 dxe4 12. Qc2 f5 13. Nf4 {½-½ (47) Tamosevicius,P-Stasius,V (1984) Lithuania 2012}) 7... Bb7 8. b3 {The position is equal.} Nbd7 9. Bb2 c5 10. Nd2 cxd4 11. Nxd4 Rc8 12. c4 Qc7 13. cxd5 Nxd5 14. Rc1 Qb8 15. Nc4 N7f6 (15... N5f6 $11) 16. Ne5 $2 {[%mdl 8192] [#]} (16. Nb5 $14 {keeps the upper hand.}) 16... Bd6 $2 (16... Qxe5 $19 17. e4 Nxe4) 17. Nef3 (17. Nec6 $16 Qa8 18. e4 Bxc6 19. Rxc6 Rxc6 20. exd5) 17... Nb4 18. Nb5 Be7 19. Be5 $2 {[%mdl 8192]} (19. Rxc8 $11 Rxc8 20. a3) 19... Qa8 $2 ({Black should try} 19... Bxf3 $1 $19 20. Bxb8 Bxd1 21. Rxc8 Rxc8) 20. Nc7 $14 Rxc7 $1 ({But not} 20... Qb8 $2 21. Nd5 $18) 21. Rxc7 Bc5 $2 {[%mdl 8192]} (21... Rd8 $1 $14 22. Qa1 Bxf3 23. Bxf3 Qxf3 24. Rxe7 Ne4) 22. a3 $2 (22. Bxf6 $18 {is the precise move to win.} Nd5 23. Rxb7 Qxb7 24. Bb2) 22... Nbd5 $16 23. Rxc5 bxc5 24. Qc2 (24. Qa1 $16) 24... Rc8 (24... Nb6 $5 {[%cal Rb7f3]} 25. Bxf6 gxf6 $11) 25. Qc4 (25. e4 $14 Nc7 26. Nd2 (26. Qxc5 Bxe4 27. Bxc7 h6 $11)) 25... Ne7 26. Bd6 $2 {[%mdl 8192]} (26. Bxf6 $11 {and White has nothing to worry.} gxf6 27. Ne1) 26... Ng6 $2 ({Worse is} 26... Bxf3 27. Bxf3 Qxf3 28. Bxe7 $14) (26... Nf5 $19 {and Black stays clearly on top.} 27. Be5 Bxf3 28. Bxf3 Qxf3) 27. Ne5 $2 {[%mdl 8192]} (27. Qe2 $17) 27... Bxg2 $19 28. Nxg6 hxg6 29. Bxc5 Bh1 {[%csl Gh1][%cal Ra8g2] [#]} 30. f3 Bxf3 31. Kf2 Bg4 {Threatens to win with ...Rxc5!} 32. Qf4 Bh3 (32... Rxc5 $142 33. Kg1 Rf5 34. h3 Bxh3 35. e4 Ng4 36. Rf3 Rxf4 37. Rxf4 Qc6 38. Rf1 Qxe4 39. Rf3 Qe1+ 40. Rf1 Qxf1#) 33. Ke1 Rxc5 {Black mates.} 34. Rf2 Rc1+ 35. Kd2 Qc8 {Accuracy: White = 30%, Black = 31%.} 0-1

[Event "Stay Safe Play From Home 224"]
[Site "T#646781Emanuel Laske"]
[Date "2020.06.14"]
[Round "4"]
[White "Trotsky"]
[Black "Haxhi Baha"]
[Result "1-0"]
[WhiteElo "1563"]
[BlackElo "1998"]
[Annotator "RC"]
[PlyCount "43"]
[EventDate "2020.06.14"]
[EventType "swiss (blitz)"]

1. d4 {[%emt 0:00:01]} d5 {[%emt 0:00:01]} 2. e3 {[%emt 0:00:01]} e6 {[%emt 0:00:01]} 3. c4 {[%emt 0:00:01]} c5 {[%emt 0:00:01]} 4. Nc3 {[%emt 0:00:01]} cxd4 {[%emt 0:00:01]} 5. exd4 {[%emt 0:00:01]} Nc6 {[%emt 0:00:01]} 6. Be3 {[%emt 0:00:01]} Nf6 {[%emt 0:00:01]} 7. c5 {[%emt 0:00:01]} e5 {[%emt 0:00:01]} 8. a3 {[%emt 0:00:02]} exd4 {[%emt 0:00:01]} 9. Bxd4 {[%emt 0:00:01]} Nxd4 {[%emt 0:00:01]} 10. Qxd4 {[%emt 0:00:01]} Be7 {[%emt 0:00:01]} 11. Nf3 {[%emt 0:00:01]} O-O {[%emt 0:00:01]} 12. Qd2 {[%emt 0:00:02]} Bg4 {[%emt 0:00:02]} 13. h4 {[%emt 0:00:03]} Re8 {[%emt 0:00:01]} 14. O-O-O {[%emt 0:00:02]} Bxc5 {[%emt 0:00:01]} 15. Qc2 {[%emt 0:00:03]} Rc8 {[%emt 0:00:02]} 16. Bd3 {[%emt 0:00:02]} d4 {[%emt 0:00:02]} 17. Ng5 {[%emt 0:00:02]} dxc3 {[%emt 0:00:01]} 18. bxc3 {[%emt 0:00:01]} Bxa3+ {[%emt 0:00:01]} 19. Kb1 {[%emt 0:00:03]} Qb6+ {[%emt 0:00:01]} 20. Ka1 {[%emt 0:00:02]} Qa5 {[%emt 0:00:02]} 21. Bxh7+ {[%emt 0:00:03]} Kh8 {[%emt 0:00:03]} 22. Nxf7# {[%emt 0:00:01] (Lag: Av=0.75s, max=3.1s)} 1-0

[Event "Stay Safe Play From Home 224"]
[Site "T#646781Emanuel Laske"]
[Date "2020.06.14"]
[Round "4"]
[White "Shyamph1980"]
[Black "mehrdadahouran"]
[Result "0-1"]
[WhiteElo "1526"]
[BlackElo "1838"]
[Annotator "NA RC"]
[PlyCount "42"]
[EventDate "2020.06.14"]
[EventType "swiss (blitz)"]

1. d4 {[%emt 0:00:01]} Nf6 {[%emt 0:00:01]} 2. c4 {[%emt 0:00:01]} g6 {[%emt 0:00:00]} 3. Nc3 {[%emt 0:00:01]} d5 {[%emt 0:00:00]} 4. cxd5 {[%emt 0:00:02]} Nxd5 {[%emt 0:00:00]} 5. Nxd5 {[%emt 0:00:01]} Qxd5 {[%emt 0:00:01]} 6. Nf3 {[%emt 0:00:01]} Bg7 {[%emt 0:00:01]} 7. e3 {[%emt 0:00:01]} c5 {[%emt 0:00:02]} 8. Bd2 {[%emt 0:00:05]} cxd4 {[%emt 0:00:01]} 9. exd4 {[%emt 0:00:01]} Nc6 {[%emt 0:00:01]} 10. Be2 {[%emt 0:00:03]} Nxd4 {[%emt 0:00:05]} 11. Nxd4 {[%emt 0:00:01]} Qxd4 {[%emt 0:00:02]} 12. Bf3 {[%emt 0:00:02]} O-O {[%emt 0:00:04]} 13. O-O {[%emt 0:00:01]} Qxb2 {[%emt 0:00:01]} 14. Qa4 {[%emt 0:00:04]} Qxd2 {[%emt 0:00:03]} 15. Rfd1 {[%emt 0:00:01]} Qg5 {[%emt 0:00:02]} 16. Rd5 {[%emt 0:00:02]} Qh6 {[%emt 0:00:05]} 17. Rad1 {[%emt 0:00:01]} Be6 {[%emt 0:00:01]} 18. R5d2 {[%emt 0:00:02]} Bc3 {[%emt 0:00:02]} 19. Rd3 {[%emt 0:00:02]} Be5 {[%emt 0:00:03]} 20. h3 {[%emt 0:00:02]} Qf4 {[%emt 0:00:02]} 21. g3 {[%emt 0:00:03]} Qxa4 {[%emt 0:00:01] Shyamph1980 resigns (Lag: Av=0.80s, max=2.4s)} 0-1

[Event "Stay Safe Play From Home 224"]
[Site "T#646781Emanuel Laske"]
[Date "2020.06.14"]
[Round "5"]
[White "Mepe_Nika"]
[Black "SoulofWolf"]
[Result "0-1"]
[WhiteElo "2385"]
[BlackElo "2111"]
[Annotator "TA"]
[PlyCount "90"]
[EventDate "2020.06.14"]
[EventType "swiss (blitz)"]

{[%evp 9,90,27,18,-6,10,-10,18,7,20,15,19,14,24,-14,8,-44,-41,-109,-54,-63,-13,-59,-8,-25,-6,-24,58,55,74,27,32,0,0,-39,38,0,114,38,100,98,93,80,85,82,94,73,59,0,94,-768,-758,-689,-600,-600,-595,-529,0,-158,0,0,0,-453,-452,-2327,-2282,-2082,-1804,-1620,-1571,-1312,0,-29985,-29977,-29975,-1387,-29989,-29990,-29993,-29974,-29998,-29999,-29999,-29987]} 1. d4 e6 2. Bf4 c5 3. c3 d5 4. e3 Bd6 5. Bxd6 Qxd6 6. Nd2 {A40: Unusual replies to 1 d4.} Ne7 7. f4 {[#]} Nec6 $146 ({Predecessor:} 7... cxd4 8. cxd4 O-O 9. Bd3 Nbc6 10. Ngf3 Bd7 11. a3 f6 12. b4 a6 13. O-O e5 14. dxe5 {1-0 (57) Backwinkel,P (2315)-Simon,R (2285) Germany 1988}) 8. Ngf3 {The position is equal.} O-O 9. Bb5 Nd7 10. O-O f6 11. Bxc6 bxc6 12. Qe2 (12. Qa4 $11) 12... a5 $15 13. Qd3 (13. Rfc1 $1 $15) 13... Ba6 (13... cxd4 $1 $17 {White must now prevent ...e5.} 14. Nxd4 Ba6) 14. c4 Nb6 15. b3 a4 ({Black should play} 15... cxd4 $15 16. Qxd4 c5) 16. Qc3 Nd7 17. Rfd1 e5 ({Black should try} 17... cxd4 $11 18. exd4 dxc4) 18. dxe5 $14 fxe5 19. fxe5 Qe6 20. cxd5 cxd5 21. b4 c4 (21... cxb4 $15 22. Qxb4 Nxe5) 22. a3 Rf5 (22... Rae8 $11) 23. Rf1 (23. e4 $16 dxe4 24. Nxe4 Nxe5 25. Nxe5) 23... Raf8 (23... Rh5 $14) 24. Nd4 Rxf1+ 25. Rxf1 Qxe5 26. Rxf8+ Kxf8 27. b5 Bb7 28. Qb4+ (28. N2f3 $14 Qe4 29. Kh1) 28... Kf7 (28... Qe7 $1 $11 {remains equal.}) 29. Qxa4 $2 {[%mdl 8192]} (29. Kf2 $16) 29... Qxe3+ $19 {[%mdl 64] Double Attack} 30. Kf1 Qxd2 31. Qa7 {Now Ne2 and White clings on.} Qd3+ 32. Kf2 Qd2+ $2 (32... c3 $19 33. Ne2 Qxb5 34. Nxc3 Qb2+ 35. Ne2 Nf6) 33. Ne2 $2 (33. Kf1 $1 $11) 33... c3 $2 (33... Bc8 $17 {Threatens to win with ...Ke7.} 34. Qc7 Qg5) 34. Qxb7 $11 Ke7 {Hoping for ...c2.} 35. Qc6 $2 {[%mdl 8192]} (35. Qa7 $1 $11) 35... c2 $19 36. b6 (36. Kf1 $142 g6 37. a4) 36... Ne5 37. Qc7+ {[#]} Kf6 $1 38. Qd6+ Kf5 {( -> ...Ng4+)} 39. Qf8+ {[#]} Kg6 $2 (39... Ke4 $1 $19 40. Qb4+ Qxb4 41. axb4 Nd3+ {[%mdl 64] Double Attack} 42. Kf1 Nxb4) 40. b7 $2 {[%mdl 8192]} (40. Qd6+ $11 Kf5 41. Qf8+ Ke4 42. Qb4+ Qxb4 43. axb4 Nd3+ {[%mdl 64] Double Attack} 44. Kg3) 40... Ng4+ 41. Kg3 Nf6 (41... Qxe2 $142 42. b8=Q Nf6 43. Qxf6+ Kxf6 44. Qf8+ Kg6 45. Qc5 Qe5+ 46. Kf3 Qe4+ 47. Kg3 Qe1+ 48. Kg4 h5+ 49. Kf3 c1=Q 50. Qxc1 Qxc1 51. h4 Kf5 52. a4 d4 53. Ke2 Qe3+ 54. Kd1 d3 55. g4+ hxg4 56. h5 Qe2+ 57. Kc1 Qc2#) 42. Qc5 Qxe2 {Black mates.} 43. b8=Q Qd3+ 44. Kf2 Ne4+ 45. Ke1 Nxc5 {Accuracy: White = 41%, Black = 50%.} 0-1

[Event "Stay Safe Play From Home 224"]
[Site "T#646781Emanuel Laske"]
[Date "2020.06.14"]
[Round "5"]
[White "Rogan"]
[Black "Lazieri3"]
[Result "1/2-1/2"]
[WhiteElo "2239"]
[BlackElo "2112"]
[Annotator "TA"]
[PlyCount "72"]
[EventDate "2020.06.14"]
[EventType "swiss (blitz)"]

{[%evp 9,72,-12,5,0,0,-5,21,23,27,21,35,0,0,-8,27,17,12,20,20,0,0,-73,0,-70,32,31,27,20,39,39,39,20,39,0,35,0,0,-2,0,-8,0,0,0,0,0,-66,0,-51,0,0,0,0,0,-6,0,0,0,0,0,0,0,0,0,0,0]} 1. d4 c6 2. c3 d5 3. Nf3 Nf6 4. Bg5 Bf5 5. e3 e6 6. Qb3 {D02: 1 d4 d5 2 Nf3 sidelines, including 2...Nf6 3 g3 and 2...Nf6 3 Bf4.} (6. Nh4 {looks sharper.} Bxb1 7. Rxb1 Bd6 8. Bd3 Nbd7 9. O-O) 6... Qb6 7. Nbd2 Qxb3 8. axb3 Nbd7 {[#]} 9. b4 $146 ({Predecessor:} 9. Be2 Bd6 10. O-O e5 11. dxe5 Nxe5 12. Bxf6 gxf6 13. Nd4 Bd7 14. e4 Rg8 15. Rfe1 dxe4 16. Nxe4 {1-0 (79) Anatskiy,A-Dovzhenko,A (1992) Kiev 2007}) 9... Be7 10. Ne5 Nxe5 11. dxe5 Ne4 (11... Nd7 {is interesting.} 12. Bxe7 Kxe7 13. f4 h5 14. Nb3 f6) 12. Nxe4 Bxe4 13. Bxe7 Kxe7 14. b5 cxb5 15. Bxb5 (15. f3 $11 Bg6 16. Bxb5) 15... a6 (15... Bxg2 $17 16. Rg1 Be4) 16. Be2 (16. Bf1 $1 $11) 16... Rac8 ({Better is} 16... Bxg2 $15 17. Rg1 Be4) 17. f3 $14 Bg6 18. O-O f6 19. exf6+ gxf6 20. Rfd1 Rc7 21. Bd3 Rhc8 22. Bxg6 hxg6 {[%mdl 4096] Endgame KRR-KRR} 23. Rd4 Rc4 24. Ra4 Rxa4 25. Rxa4 Rc4 26. Rxc4 dxc4 $11 {KP-KP} 27. e4 (27. h4 $1 $11) 27... b5 ({Black should try} 27... g5 $1 $15) 28. Kf2 (28. h4 $1 $11) 28... e5 (28... g5 $1 $15) 29. Ke3 {The position is equal.} a5 30. h4 $1 b4 31. g4 Kf7 32. cxb4 axb4 33. Kd2 Kg7 34. Ke3 Kf7 35. Kd2 Kg7 36. Ke3 Kf7 {Accuracy: White = 74%, Black = 70%.} 1/2-1/2

[Event "Stay Safe Play From Home 224"]
[Site "T#646781Emanuel Laske"]
[Date "2020.06.14"]
[Round "5"]
[White "little champs"]
[Black "Edmatuag"]
[Result "0-1"]
[WhiteElo "2215"]
[BlackElo "1710"]
[Annotator "TA"]
[PlyCount "42"]
[EventDate "2020.06.14"]
[EventType "swiss (blitz)"]

{[%evp 9,42,0,56,32,58,0,4,10,16,6,9,0,0,-5,-16,-7,8,-4,39,-6,40,15,20,-62,0,-32,-20,-40,-12,-32,0,-13,35,0,3]} 1. d4 d5 2. e3 e6 3. Nf3 Nf6 4. Be2 Bd6 5. O-O Bd7 {[#]} (5... O-O $11) 6. c4 $146 {D05: Colle System with ...e6.} ({Predecessor:} 6. Nc3 a6 7. Bd2 O-O 8. Bd3 Re8 9. e4 dxe4 10. Nxe4 Nxe4 11. Bxe4 c6 12. Bc3 Qc7 {0-1 (28) Charette,J-Charette,J London,Canada 1996}) 6... a6 7. cxd5 (7. Nc3 $14) 7... exd5 $11 8. Nc3 c6 9. Bd3 O-O 10. e4 dxe4 11. Bxe4 Nxe4 12. Nxe4 Be7 13. Re1 Bf5 14. Ng3 Bg6 15. Bf4 Nd7 16. Ne5 (16. Qb3 $11) 16... Nf6 (16... Nxe5 $15 17. Bxe5 f6) 17. Rc1 Nd5 18. Bd2 Bf6 19. Bc3 Nxc3 20. bxc3 Qd5 (20... Bxe5 $5 21. Rxe5 f6 $11) 21. Qb3 (21. c4 $5 {[%cal Rc4d5]} Qd8 22. Nxg6 fxg6 23. d5 $14) 21... Qxb3 {[%mdl 32768] Accuracy: White = 53%, Black = 60%. . Loss on time!?} 0-1

[Event "Stay Safe Play From Home 224"]
[Site "T#646781Emanuel Laske"]
[Date "2020.06.14"]
[Round "5"]
[White "Haxhi Baha"]
[Black "Klasman"]
[Result "1-0"]
[WhiteElo "1967"]
[BlackElo "1248"]
[Annotator "TA"]
[PlyCount "73"]
[EventDate "2020.06.14"]
[EventType "swiss (blitz)"]

{[%evp 9,73,27,30,-45,5,-7,24,-43,-49,-96,-94,-519,-193,-661,-665,-665,-365,-683,-552,-675,-676,-704,-708,-695,-698,-702,-671,-658,-544,-610,-582,-679,-660,-645,-640,-635,-641,-645,-645,-643,-643,-715,-577,-633,-609,-588,-597,-635,-630,-697,-649,-809,-764,-869,-867,-912,-907,-941,-934,-914,-886,-898,-862,-844,-844,-747]} 1. e4 f5 2. exf5 Nf6 3. d4 d5 4. g4 {[#]} h6 $146 ({Predecessor:} 4... h5 5. f3 hxg4 6. fxg4 Qd6 7. Qe2 Ne4 8. Qg2 c5 9. Nd2 Bd7 10. Nxe4 dxe4 11. dxc5 Qxc5 {0-1 (30) Huacani,A-Balcazar,C La Paz 2014}) 5. Bf4 e6 6. Be5 {B00: Queen's Fianchetto Defence, Nimzowitsch Defence.} (6. fxe6 $11 Bd6 7. Bxd6 Qxd6 8. f3) 6... exf5 7. gxf5 Bxf5 8. Nc3 (8. Bd3 $11 Be4 9. Qe2) 8... Bb4 $15 9. Bxf6 Qxf6 10. Nf3 $2 {[%mdl 8192] [#] This move loses the game for White.} (10. Qh5+ $17 {is more resistant.} g6 11. Qe2+ Kf7 12. O-O-O Bxc3 13. bxc3) 10... Nc6 $2 (10... O-O 11. Bg2 Bxc3+ 12. bxc3 Bg4) 11. Bd3 $2 (11. Qe2+ Kd8 12. O-O-O) 11... Bg4 $19 12. Be2 O-O-O 13. Qd3 $2 (13. O-O) 13... Rde8 {Black is clearly winning.} 14. O-O-O Bxc3 15. bxc3 {[#]} Rxe2 $1 {[%mdl 512]} 16. Qxe2 Bxf3 17. Qe3 Bxd1 18. Rxd1 Qg5 19. f4 Qf6 20. Rf1 Rf8 21. f5 Qg5 22. Qxg5 hxg5 {[%mdl 4096] Endgame KRN-KR} 23. Kd2 Ne7 24. Rg1 Rxf5 25. c4 g6 26. Kc3 dxc4 27. Kxc4 c6 28. Kd3 b5 29. c3 a6 {[%cal Ba7a6,Ba6a5,Ba5b4][%mdl 32]} 30. Ke4 a5 31. Rg3 Kd7 32. Rh3 Ke6 33. Rh8 b4 34. cxb4 axb4 35. Rb8 Rf4+ 36. Kd3 Nd5 37. Re8+ {[%mdl 32768] Accuracy: White = 23%, Black = 57%. . Loss on time!?} 1-0